000 01082nam a2200325 i 4500
001 17298
003 ES-MaACL
005 20250910063055.0
007 t|
008 010125s2000 sp ||||0| spa j
020 _a84-7517-649-6
040 _aM-BN
_bspa
_cM-BN
080 _a929 James, Henry
080 _a929 Stevenson, Robert Louis
100 1 _aJames, Henry,
_d1843-1916
_9242228
245 1 0 _aCrónica de una amistad
_b: correspondencia y otros escritos /
_cHenry James ; Robert Louis Stevenson ; traducción de María Condor.
260 _aMadrid :
_bHiperión,
_c[2000]
300 _a217 p. ;
_c20 cm.
490 1 _aDicho y hecho
600 1 4 _aJames, Henry-
_vCorrespondencia.
_965968
600 0 4 _aStevenson, Robert Louis,
_d1850-1894
_vCorrespondencia
_9108171
655 0 _9235124
_aCartas
700 0 _aStevenson, Robert Louis,
_d1850-1894
_9108169
700 1 _aCóndor Orduña, María.
_940150
830 0 _aDicho y hecho
_9180280
852 _aES-MaACL
_jL-24124
_bR.129371
942 _2udc
999 _c17298
_d17298